[Event "St Petersburg Summer op"]
[Site "St Petersburg"]
[Date "2017.08.23"]
[Round "8"]
[White "Tran, Minh Thang"]
[Black "Abrosimov, Egor"]
[Result "1-0"]
[WhiteElo "2367"]
[BlackElo "1797"]
[PlyCount "43"]
[EventDate "2017.08.16"]
[EventType "swiss"]
[EventRounds "9"]
[EventCountry "RUS"]
[SourceTitle "CBM 180 Extra"]
[Source "ChessBase"]
[SourceDate "2017.10.06"]
[SourceVersion "1"]
[SourceVersionDate "2017.10.06"]
[SourceQuality "1"]

1. d4 Nf6 2. c4 g6 3. Nf3 Bg7 4. g3 0-0 5. Bg2 d6 6. 0-0 c5 7. Nc3 Nc6 8. d5 Na5 9. Qd3 a6 10. e4 b5 11. cxb5 axb5 12. Nxb5 Ba6 13. a4 Nd7 14. Re1 c4 15. Qc2 Nb3 16. Ra3 Ndc5 17. Bf1 Nxa4 18. Bxc4 Nxc1 19. Rxa4 Bxb5 20. Bxb5 Qb6 21. Rxa8 Rxa8 22. Bc6 1-0

[Event "St Petersburg Summer op"]
[Site "St Petersburg"]
[Date "2017.08.19"]
[Round "4"]
[White "Abrosimov, Egor"]
[Black "Eryshkanova, Anastasiya"]
[Result "1-0"]
[WhiteElo "1797"]
[BlackElo "2175"]
[PlyCount "119"]
[EventDate "2017.08.16"]
[EventType "swiss"]
[EventRounds "9"]
[EventCountry "RUS"]
[SourceTitle "CBM 180 Extra"]
[Source "ChessBase"]
[SourceDate "2017.10.06"]
[SourceVersion "1"]
[SourceVersionDate "2017.10.06"]
[SourceQuality "1"]

1. e4 c6 2. d4 d5 3. exd5 cxd5 4. c4 Nf6 5. Nc3 e6 6. Nf3 Be7 7. Bd3 dxc4 8. Bxc4 a6 9. 0-0 b5 10. Bb3 Bb7 11. Re1 0-0 12. Bg5 Nc6 13. Rc1 Na5 14. Bc2 Nc4 15. Bb1 g6 16. Ne5 Rc8 17. Qe2 Nd6 18. Rcd1 Nde8 19. Rd3 Ng7 20. Rh3 Nfh5 21. Bxe7 Qxe7 22. Qd2 Rfd8 23. Be4 b4 24. Nd1 Nf6 25. Bxb7 Qxb7 26. Rf3 Nf5 27. Rd3 Qb6 28. Ne3 Ne4 29. Qd1 Rxd4 30. Nxf5 Rxd3 31. Ne7+ Kf8 32. Nxd3 Rc4 33. Qf3 Nd6 34. Ne5 Kxe7 35. Nxc4 Nxc4 36. Qb3 Nd6 37. Qd3 a5 38. Rd1 h5 39. Qd4 Qc7 40. Qe5 f6 41. Qd4 Nf5 42. Qd2 h4 43. Rc1 Qe5 44. Qc2 Nd4 45. Qc5+ Qd6 46. Kf1 f5 47. f4 a4 48. Kf2 b3 49. a3 Nb5 50. Qxd6+ Nxd6 51. Ke3 g5 52. Rc5 gxf4+ 53. Kxf4 Kf6 54. g4 hxg3 55. hxg3 Ne4 56. Ra5 Ng5 57. Rxa4 e5+ 58. Ke3 Ne6 59. Rb4 f4+ 60. gxf4 1-0

[Event "St Petersburg Summer op"]
[Site "St Petersburg"]
[Date "2017.08.17"]
[Round "2"]
[White "Khmelev, Mikhail"]
[Black "Abrosimov, Egor"]
[Result "0-1"]
[WhiteElo "2019"]
[BlackElo "1797"]
[PlyCount "86"]
[EventDate "2017.08.16"]
[EventType "swiss"]
[EventRounds "9"]
[EventCountry "RUS"]
[SourceTitle "CBM 180 Extra"]
[Source "ChessBase"]
[SourceDate "2017.10.06"]
[SourceVersion "1"]
[SourceVersionDate "2017.10.06"]
[SourceQuality "1"]

1. e4 c5 2. Nf3 d6 3. d4 cxd4 4. Nxd4 Nf6 5. Nc3 a6 6. h3 e6 7. g4 b5 8. g5 Nfd7 9. h4 Bb7 10. Bg2 Qc7 11. h5 Nc6 12. g6 hxg6 13. hxg6 Rxh1+ 14. Bxh1 0-0-0 15. Bg5 Nf6 16. Bxf6 gxf6 17. Nxc6 Bxc6 18. Qg4 f5 19. Qh5 Bg7 20. gxf7 Bxe4 21. 0-0-0 Bxh1 22. Qxh1 Kb8 23. Qh7 Qxf7 24. Kb1 Rh8 25. Qxh8+ Bxh8 26. Rxd6 Bxc3 27. bxc3 Kb7 28. Kb2 Qe7 29. Rd3 Qh4 30. f3 e5 31. Rd5 Qf4 32. Rd3 Kc6 33. Kb3 a5 34. a3 Kc5 35. Kb2 e4 36. fxe4 fxe4 37. Rd4 Qe5 38. Rd2 e3 39. Re2 Kc4 40. Ka2 Qxc3 41. Rh2 Qd2 42. Rh6 Qxc2+ 43. Ka1 Kb3 0-1

[Event "St Petersburg Summer op"]
[Site "St Petersburg"]
[Date "2017.08.16"]
[Round "1"]
[White "Abrosimov, Egor"]
[Black "Artamonov, Valery"]
[Result "0-1"]
[WhiteElo "1797"]
[BlackElo "2242"]
[PlyCount "44"]
[EventDate "2017.08.16"]
[EventType "swiss"]
[EventRounds "9"]
[EventCountry "RUS"]
[SourceTitle "CBM 180 Extra"]
[Source "ChessBase"]
[SourceDate "2017.10.06"]
[SourceVersion "1"]
[SourceVersionDate "2017.10.06"]
[SourceQuality "1"]

1. e4 c5 2. Nf3 Nc6 3. d4 cxd4 4. Nxd4 e6 5. Nc3 Qc7 6. g3 a6 7. Bg2 Nf6 8. 0-0 Be7 9. Kh1 h5 10. Nxc6 bxc6 11. f4 e5 12. fxe5 Ng4 13. Bf4 g5 14. e6 gxf4 15. exf7+ Kf8 16. gxf4 Qb6 17. Qe2 Qxb2 18. Nd5 cxd5 19. exd5 d6 20. Qc4 Ne3 21. Qc6 Bb7 22. Qd7 Qxc2 0-1